| 000 | 00454nam a22001577a 4500 | ||
|---|---|---|---|
| 005 | 20241029192526.0 | ||
| 008 | 241029b |||||||| |||| 00| 0 eng d | ||
| 020 | _a9789350353134 | ||
| 100 |
_aKumar, H.L. _d2013 |
||
| 245 |
_aLabour Laws _bEverybody Should Know |
||
| 250 | _aNinth Edition | ||
| 260 |
_aNew Dellhi, India _bUniversal Law Publishing Co. Pvt. Ltd. _c2013 |
||
| 300 |
_axxvi, 350 pages. _c21.5 cm |
||
| 650 | _2Labour Law | ||
| 942 |
_2lcc _cBK _n0 |
||
| 999 |
_c358 _d358 |
||